[Event "Montigny le Bretonneux op 20th"]
[Site "Montigny le Bretonneux"]
[Date "2022.10.27"]
[Round "6"]
[White "Cogez, Celine"]
[Black "Duget, Long Jc"]
[Result "0-1"]
[WhiteElo "1651"]
[BlackElo "1639"]
[PlyCount "112"]
[EventDate "2022.10.22"]
[EventType "swiss"]
[EventRounds "9"]
[EventCountry "FRA"]
[SourceTitle "EXT 2024"]
[Source "ChessBase"]
[SourceDate "2023.10.10"]
[SourceVersion "1"]
[SourceVersionDate "2023.10.10"]
[SourceQuality "1"]

1. e4 c5 2. c3 Nf6 3. e5 Nd5 4. d4 cxd4 5. Qxd4 Nb6 6. Nf3 Nc6 7. Qe4 d5 8. exd6 Qxd6 9. Bf4 Qe6 10. Bd3 Qxe4+ 11. Bxe4 f6 12. 0-0 e5 13. Re1 Be7 14. Be3 Be6 15. Nbd2 Nc4 16. Nxc4 Bxc4 17. b3 Be6 18. Rad1 Kf7 19. Bd5 Rhd8 20. Bxe6+ Kxe6 21. a4 b6 22. b4 Rac8 23. Rc1 g5 24. Re2 g4 25. Ne1 Kf7 26. Rec2 f5 27. f4 e4 28. a5 bxa5 29. b5 Nb8 30. Bxa7 Bc5+ 31. Bxc5 Rxc5 32. c4 Nd7 33. g3 Nb6 34. Ng2 Rd3 35. Kf2 a4 36. Ne3 a3 37. Ke2 Ke6 38. Rc3 Rxc3 39. Rxc3 a2 40. Ra3 Nxc4 41. Nxc4 Rxc4 42. Rxa2 Rb4 43. Ra6+ Kd5 44. Rf6 Rb2+ 45. Ke3 Rb3+ 46. Kd2 e3+ 47. Kc2 e2 48. Rxf5+ Kc4 49. Re5 Rxb5 50. Rxb5 e1Q 51. Rb8 Qe2+ 52. Kb1 Qxh2 53. Rc8+ Kd5 54. Rd8+ Ke6 55. Re8+ Kf7 56. Re3 Qg1+ 0-1

[Event "Montigny le Bretonneux op 20th"]
[Site "Montigny le Bretonneux"]
[Date "2022.10.25"]
[Round "4"]
[White "Cogez, Celine"]
[Black "Delmas Goyon, Francois"]
[Result "0-1"]
[WhiteElo "1651"]
[BlackElo "1899"]
[PlyCount "112"]
[EventDate "2022.10.22"]
[EventType "swiss"]
[EventRounds "9"]
[EventCountry "FRA"]
[SourceTitle "EXT 2024"]
[Source "ChessBase"]
[SourceDate "2023.10.10"]
[SourceVersion "1"]
[SourceVersionDate "2023.10.10"]
[SourceQuality "1"]

1. e4 c5 2. c3 d5 3. exd5 Qxd5 4. d4 Nf6 5. Nf3 e6 6. Na3 Qd8 7. Be3 cxd4 8. Qa4+ Bd7 9. Qxd4 Nc6 10. Qd3 Bxa3 11. bxa3 Qa5 12. Bc1 0-0 13. Be2 e5 14. Qc2 e4 15. Nd2 Rac8 16. Nc4 Qc7 17. 0-0 b5 18. Ne3 Qa5 19. Rd1 Be6 20. Qb2 a6 21. Bd2 Qc7 22. a4 bxa4 23. Bxa6 Qa5 24. Bxc8 Rxc8 25. Qa3 h5 26. Nc2 h4 27. c4 Qh5 28. Ne1 Nd4 29. Qe3 Rxc4 30. Qg5 Qxg5 31. Bxg5 h3 32. Bxf6 gxf6 33. Rd2 hxg2 34. Kxg2 f5 35. Rad1 Nc6 36. Nc2 Ne5 37. Ne3 Rc3 38. Kg3 Nd3 39. Kh4 Kg7 40. Kg5 f6+ 41. Kh4 f4 42. Rg1+ Kf7 43. Ng4 f5 44. Nh6+ Kf6 45. Kh5 Ne5 46. h4 Rc8 47. Rd6 Rh8 48. Ra6 e3 49. fxe3 fxe3 50. Rf1 Ke7 51. Ra7+ Nd7 52. Kg5 Rf8 53. Rxa4 Nc5 54. Ra7+ Kd6 55. Ra3 Ne4+ 56. Kf4 e2 0-1

[Event "Montigny le Bretonneux op 24th"]
[Site "Montigny le Bretonneux"]
[Date "2022.05.28"]
[Round "5"]
[White "Nacer Bey, Moussa"]
[Black "Cogez, Celine"]
[Result "0-1"]
[WhiteElo "1571"]
[BlackElo "1546"]
[PlyCount "60"]
[EventDate "2022.05.26"]
[EventType "swiss"]
[EventRounds "9"]
[EventCountry "FRA"]
[SourceTitle "CBM 208 Extra"]
[Source "ChessBase"]
[SourceDate "2022.07.31"]
[SourceVersion "1"]
[SourceVersionDate "2022.07.31"]
[SourceQuality "1"]

1. e4 c6 2. d4 d5 3. exd5 cxd5 4. Nf3 Nc6 5. Bd3 Nf6 6. 0-0 Bg4 7. Bf4 e6 8. Nbd2 Nxd4 9. c3 Nc6 10. Qc2 Bd6 11. Bg3 0-0 12. Rfe1 Rc8 13. Qa4 a6 14. Bxd6 Qxd6 15. Ng5 Ne5 16. Bb1 h6 17. Ngf3 Nxf3+ 18. Nxf3 Bxf3 19. gxf3 Rc4 20. Qd1 Rh4 21. Qd2 Qxh2+ 22. Kf1 Nh5 23. Ke2 Qh3 24. Qe3 Nf4+ 25. Kd2 Ng2 26. Qd3 g6 27. Rg1 Nf4 28. Qe3 Qh2 29. Bc2 d4 30. Qxd4 Nd5 0-1

[Event "Montigny le Bretonneux op 19th"]
[Site "Montigny le Bretonneux"]
[Date "2021.10.29"]
[Round "7"]
[White "Cogez, Celine"]
[Black "Couradin, Jean Marie"]
[Result "1-0"]
[WhiteElo "1320"]
[BlackElo "1581"]
[PlyCount "85"]
[EventDate "2021.10.23"]
[EventType "swiss"]
[EventRounds "7"]
[EventCountry "FRA"]
[SourceTitle "CBM 204 Extra"]
[Source "ChessBase"]
[SourceDate "2021.11.30"]
[SourceVersion "1"]
[SourceVersionDate "2021.11.30"]
[SourceQuality "1"]

1. e4 e6 2. d4 d5 3. e5 c5 4. c3 Nc6 5. Nf3 Qb6 6. Qb3 Qxb3 7. axb3 cxd4 8. cxd4 Bd7 9. Be3 f6 10. Nc3 a6 11. Be2 Nge7 12. Nb5 Nb4 13. Nd6+ Kd8 14. 0-0 Be8 15. Rfc1 Nec6 16. Nxb7+ Kd7 17. Bd2 a5 18. Nc5+ Bxc5 19. Rxc5 Ke7 20. Bxb4 Nxb4 21. Raxa5 Rxa5 22. Rxa5 Nc6 23. Ra8 Rf8 24. Bb5 Bd7 25. Rxf8 Kxf8 26. Kf1 Ke7 27. exf6+ gxf6 28. Ke1 Kd6 29. Kd2 e5 30. Kc3 e4 31. Ng1 f5 32. Ne2 Be8 33. Nf4 Bd7 34. g3 Nb8 35. Bxd7 Nxd7 36. Kb4 Kc6 37. Ka5 Kd6 38. b4 Nb8 39. b5 Nd7 40. Ka6 Nb8+ 41. Kb7 Nd7 42. b4 Nf8 43. b6 1-0

[Event "Montigny le Bretonneux op 19th"]
[Site "Montigny le Bretonneux"]
[Date "2021.10.27"]
[Round "5"]
[White "Cogez, Celine"]
[Black "Sbai, Adam"]
[Result "1-0"]
[WhiteElo "1320"]
[BlackElo "1199"]
[PlyCount "67"]
[EventDate "2021.10.23"]
[EventType "swiss"]
[EventRounds "7"]
[EventCountry "FRA"]
[SourceTitle "CBM 204 Extra"]
[Source "ChessBase"]
[SourceDate "2021.11.30"]
[SourceVersion "1"]
[SourceVersionDate "2021.11.30"]
[SourceQuality "1"]

1. e4 d5 2. exd5 Nf6 3. c4 c6 4. Nc3 cxd5 5. d4 Nc6 6. Nf3 Bg4 7. Be2 Na5 8. c5 g6 9. Be3 Bg7 10. h3 Bf5 11. Bb5+ Nc6 12. Qa4 Qd7 13. Ne5 Qe6 14. Bxc6+ bxc6 15. Qxc6+ Qxc6 16. Nxc6 Bd3 17. b4 Ne4 18. Nxd5 0-0 19. Ncxe7+ Kh8 20. Nf4 Bc4 21. a3 Rad8 22. Nc6 Rd6 23. cxd6 Nxd6 24. Rc1 a6 25. Ne5 Bb5 26. f3 Nf5 27. Bf2 Rd8 28. Nxf7+ Kg8 29. Nxd8 Nxd4 30. Bxd4 Bxd4 31. Nde6 Be5 32. Rc7 Kh8 33. Rc8+ Be8 34. Rxe8# 1-0

[Event "Montigny le Bretonneux op 19th"]
[Site "Montigny le Bretonneux"]
[Date "2021.10.25"]
[Round "3"]
[White "Cogez, Celine"]
[Black "Duval, Dominique"]
[Result "1/2-1/2"]
[WhiteElo "1320"]
[BlackElo "1695"]
[PlyCount "104"]
[EventDate "2021.10.23"]
[EventType "swiss"]
[EventRounds "7"]
[EventCountry "FRA"]
[SourceTitle "CBM 204 Extra"]
[Source "ChessBase"]
[SourceDate "2021.11.30"]
[SourceVersion "1"]
[SourceVersionDate "2021.11.30"]
[SourceQuality "1"]

1. e4 d6 2. d4 Nf6 3. Bd3 c6 4. Nf3 Qa5+ 5. c3 e5 6. 0-0 Be7 7. Be3 0-0 8. Nbd2 Qc7 9. Qc2 h6 10. Nc4 b5 11. Ncd2 Ng4 12. a4 Nxe3 13. fxe3 bxa4 14. Qxa4 Nd7 15. b4 c5 16. bxc5 dxc5 17. d5 Bb7 18. Rab1 Nb6 19. Qa2 Bd6 20. Rf2 Rfb8 21. Rbf1 Rf8 22. Nh4 Bc8 23. Nf5 Bxf5 24. Rxf5 Rac8 25. c4 Nd7 26. Nb3 Ra8 27. Qf2 f6 28. Qg3 a5 29. Rh5 Kh7 30. Qf2 Rf7 31. Rh4 Nf8 32. Qf5+ g6 33. Qh3 h5 34. Be2 Kg8 35. g4 a4 36. Nc1 Qc8 37. Qf3 hxg4 38. Rxg4 Kg7 39. Qg3 Kg8 40. Rh4 Qc7 41. Kh1 Qe7 42. Rf3 Rg7 43. Qf2 Nd7 44. Rfh3 Kf7 45. Bg4 Rf8 46. Be6+ Ke8 47. Qb2 Qd8 48. Qb5 Qb8 49. Qxa4 Qb1 50. Qa3 Qc2 51. Rg3 Qd1+ 52. Rg1 Qf3+ 1/2-1/2